Vincitori Supercoppa di Spagna - Statistics

Statistiche generali
  • Questo quiz è stato fatto 145 volte
    118 dall'ultimo reset
  • Il punteggio medio è 37 su 41
Statistiche sulle risposte
Edizioni Vincitori % Corretto
1983 Barcellona
100%
1991 Barcellona
100%
1992 Barcellona
100%
1994 Barcellona
100%
1996 Barcellona
100%
2005 Barcellona
100%
2006 Barcellona
100%
2009 Barcellona
100%
2010 Barcellona
100%
2011 Barcellona
100%
2013 Barcellona
100%
2016 Barcellona
100%
2018 Barcellona
100%
2023 Barcellona
100%
2025 Barcellona
100%
1988 Real Madrid
100%
1989 Real Madrid
100%
1990 Real Madrid
100%
1993 Real Madrid
100%
1997 Real Madrid
100%
2001 Real Madrid
100%
2003 Real Madrid
100%
2008 Real Madrid
100%
2012 Real Madrid
100%
2017 Real Madrid
100%
2020 Real Madrid
100%
2022 Real Madrid
100%
2024 Real Madrid
100%
1985 Atlético Madrid
97%
2014 Atlético Madrid
97%
1999 Valencia
93%
2007 Siviglia
83%
1982 Real Sociedad
71%
1984 Athletic Bilbao
68%
2015 Athletic Bilbao
68%
2021 Athletic Bilbao
68%
1995 Deportivo La Coruña
61%
2000 Deportivo La Coruña
61%
2002 Deportivo La Coruña
61%
1998 Maiorca
37%
2004 Real Saragozza
27%
Nessun quiz corrispondente trovato
Distribuzione punteggi
Percentuale di utenti per punteggio
Percentile per numero di risposta
I tuoi punteggi nel tempo
Non hai fatto questo quiz dall'ultimo reset